000 00257nam a22001217a 4500
003 CEME
005 20210628205117.0
008 210225b xxu||||| |||| 00| 0 eng d
040 _c.
082 _a0333 WAS
245 _aMissing accession
942 _cBK
_2ddc
999 _c579556
_d579556